000 00981cam a2200265 a 4500
020 _a9780821376720
020 _a0821376721
020 _a9780821376737 (electronic)
020 _a082137673X (electronic)
040 _cDLC
082 0 0 _a338 WOR 2009 A076 Or.
245 1 0 _aInnovation for development and the role of government :
_ba perspective from the East Asia and Pacific region /
260 _aWashington, DC :
_bWorld Bank,
_cc2009.
300 _axix, 204 p. :
_bill. ;
_c24 cm.
500 _aBased on proceedings of the Innovation for Development Forum, held in Shanghai, China on Sept. 21-22, 2006.
650 0 _aEconomic development
650 0 _aTechnological innovations
650 0 _aFinance
650 0 _aCompetition
650 0 _aTechnological innovations
700 1 _aFan, Qimiao.
710 2 _aAlternative Fuels Data Center (National Renewable Energy Laboratory)
856 4 1 _uhttp://www.loc.gov/catdir/toc/ecip0826/2008037351.html
942 _cEK
999 _c15398
_d15398